00346nam a2200133Ia 450000500170000000800410001702000150005808200130007310000150008624500320010126000370013330000120017050000300018220250624034100.0240331s9999 xx 000 0 und d a9559513622 bDECa340 aDe Costa,J 0aSri Lankawe vishesha neethi aColombobK.D. Premathilakac1992 a50 p ., aSpecial Laws of Sri Lanka